000 00272nam a22001217a 4500
008 181122b xxu||||| |||| 00| 0 eng d
041 _aeng
080 _22nd
_a616.12
100 _a7
101 _aKARD
245 _aThe Guide To Cardiology
_cKloner,R.A
942 _2udc
_cBK
999 _c52335
_d52335